| 000 | 01199nam a2200277 i 4500 | ||
|---|---|---|---|
| 001 | 63102 | ||
| 003 | ES-MaACL | ||
| 005 | 20230906164804.0 | ||
| 007 | t| | ||
| 008 | 031128q19111911sp fo ||||1| spa d | ||
| 080 | _a796.5(234.1 Guadarrama) | ||
| 100 | 1 |
_aZabala, José F. _9143536 |
|
| 245 | 1 | 0 |
_aExcursiones a la Sierra de Guadarrama _b: Siete Picos, Montón de Trigo, La Maliciosa / _cpor J. Fernández Zabala ; ilustraciones fotográficas de Ramón González y otros ; poesía-prólogo de Enrique de Mesa. |
| 260 |
_aMadrid : _bImp. de Primitivo Fernández, _c[1911?] |
||
| 300 |
_a74 p., [8] h. de lám., [4] p. ; _c19 cm. |
||
| 490 | 1 | _aBiblioteca turista de España automóvil | |
| 598 | _aBiblioteca de turismo y alpinismo de la revista España Automóvil. | ||
| 650 | 0 | 4 |
_aExcursionismo- _zGuadarrama (España, Sierra) _9159016 |
| 650 | 4 |
_aMontañismo- _zGuadarrama (España, Sierra) _915176 |
|
| 651 | 4 |
_aGuadarrama (España, Sierra)- _xDescripción. _98798 |
|
| 700 | 1 |
_aGonzález, Ramón. _958376 |
|
| 700 | 1 |
_aMesa, Enrique de, _d1878-1929 _980630 |
|
| 830 | 0 |
_aBiblioteca turista de España automóvil _9230660 |
|
| 852 |
_aES-MaACL _jF-7959 |
||
| 999 |
_c63102 _d63102 |
||